[Event "World Chess Olympiad 2018"]
[Site "Batumi"]
[Date "2018.09.30"]
[Round "6"]
[Board "3"]
[WhiteFideId "3105873"]
[White "Mejias Nunez Rafael E."]
[BlackFideId "5501733"]
[Black "Bouzidi Ahmed"]
[Result "0-1"]
[LiveChessVersion "1.4.8"]
[BlackElo "2246"]
[WhiteElo "1943"]

1. d4 {[%clk 1:30:53]} Nf6 {[%clk 1:30:44]} 2. c4 {[%clk 1:27:04]} e6
{[%clk 1:30:51]} 3. Nf3 {[%clk 1:27:00]} b6 {[%clk 1:31:08]} 4. g3
{[%clk 1:26:32]} Bb7 {[%clk 1:30:50]} 5. Bg2 {[%clk 1:25:52]} Be7
{[%clk 1:29:14]} 6. O-O {[%clk 1:24:50]} O-O {[%clk 1:29:34]} 7. Nc3
{[%clk 1:23:56]} Ne4 {[%clk 1:19:04]} 8. Bd2 {[%clk 1:19:28]} f5 {[%clk 1:17:47]}
9. Be1 {[%clk 1:17:02]} d6 {[%clk 1:12:11]} 10. Qd3 {[%clk 1:11:33]} Nxc3
{[%clk 1:08:57]} 11. Bxc3 {[%clk 1:08:58]} Bf6 {[%clk 1:09:21]} 12. Rfe1
{[%clk 0:58:52]} Be4 {[%clk 1:06:43]} 13. Qd1 {[%clk 0:57:15]} Nd7
{[%clk 1:03:57]} 14. Bh3 {[%clk 0:44:40]} g6 {[%clk 0:37:23]} 15. Nd2
{[%clk 0:38:45]} Bb7 {[%clk 0:37:07]} 16. e4 {[%clk 0:32:52]} c5 {[%clk 0:29:10]}
17. d5 {[%clk 0:23:30]} Bxc3 {[%clk 0:27:50]} 18. bxc3 {[%clk 0:23:59]} e5
{[%clk 0:27:52]} 19. exf5 {[%clk 0:20:26]} gxf5 {[%clk 0:28:14]} 20. Qh5
{[%clk 0:20:52]} Qf6 {[%clk 0:26:53]} 21. Nf3 {[%clk 0:19:40]} Qg6
{[%clk 0:25:28]} 22. Qh4 {[%clk 0:18:33]} e4 {[%clk 0:24:45]} 23. Nd2
{[%clk 0:13:13]} Ne5 {[%clk 0:23:51]} 24. Re3 {[%clk 0:13:13]} Rae8
{[%clk 0:17:09]} 25. a4 {[%clk 0:11:10]} Bc8 {[%clk 0:13:35]} 26. Bg2
{[%clk 0:08:35]} Qg7 {[%clk 0:11:45]} 27. h3 {[%clk 0:07:49]} Ng6
{[%clk 0:10:42]} 28. Qh5 {[%clk 0:07:59]} f4 {[%clk 0:08:26]} 29. Rxe4
{[%clk 0:07:53]} Qxc3 {[%clk 0:08:22]} 30. Rae1 {[%clk 0:06:40]} Rxe4
{[%clk 0:08:17]} 31. Bxe4 {[%clk 0:05:36]} Qxd2 {[%clk 0:06:30]} 32. Re2
{[%clk 0:00:48]} Qd4 {[%clk 0:02:41]} 33. Bxg6 {[%clk 0:01:02]} hxg6
{[%clk 0:03:02]} 34. Qxg6+ {[%clk 0:01:28]} Qg7 {[%clk 0:03:23]} 35. Qxd6
{[%clk 0:00:58]} fxg3 {[%clk 0:03:47]} 36. fxg3 {[%clk 0:00:57]} Bxh3
{[%clk 0:02:48]} 37. Kh2 {[%clk 0:00:36]} Bg4 {[%clk 0:02:59]} 38. Rd2
{[%clk 0:00:32]} Rf6 {[%clk 0:01:18]} 39. Qd8+ {[%clk 0:00:37]} Kh7
{[%clk 0:01:41]} 40. Kg1 {[%clk 0:30:43]} Bh3 {[%clk 0:31:30]} 41. Rd3
{[%clk 0:27:48]} Qh6 {[%clk 0:27:07]} 42. Qc7+ {[%clk 0:26:59]} Kg8
{[%clk 0:27:21]} 43. Rd1 {[%clk 0:25:25]} Qe3+ {[%clk 0:27:43]} 44. Kh2
{[%clk 0:25:41]} Qe2+ {[%clk 0:28:07]} 0-1

[Event "World Chess Olympiad 2018"]
[Site "Batumi"]
[Date "2018.09.30"]
[Round "6"]
[Board "4"]
[WhiteFideId "5500770"]
[White "Taieb Sahbi"]
[BlackFideId "3100030"]
[Black "Freyre Forest Jorge"]
[Result "1/2-1/2"]
[LiveChessVersion "1.4.8"]
[BlackElo "2016"]
[WhiteElo "2146"]

1. e4 {[%clk 1:30:56]} e6 {[%clk 1:30:54]} 2. d3 {[%clk 1:31:21]} c5
{[%clk 1:29:35]} 3. Nf3 {[%clk 1:30:58]} Nc6 {[%clk 1:29:27]} 4. g3
{[%clk 1:30:44]} g6 {[%clk 1:28:53]} 5. Bg2 {[%clk 1:31:09]} Bg7 {[%clk 1:29:14]}
6. Nc3 {[%clk 1:31:01]} Nge7 {[%clk 1:28:19]} 7. Be3 {[%clk 1:31:02]} Nd4
{[%clk 1:22:03]} 8. Qd2 {[%clk 1:18:44]} d6 {[%clk 1:17:00]} 9. O-O
{[%clk 1:08:16]} e5 {[%clk 1:01:28]} 10. Ne2 {[%clk 0:50:31]} Nxf3+
{[%clk 0:47:08]} 11. Bxf3 {[%clk 0:50:51]} Bh3 {[%clk 0:47:18]} 12. Bg2
{[%clk 0:50:10]} Bxg2 {[%clk 0:44:40]} 13. Kxg2 {[%clk 0:49:50]} O-O
{[%clk 0:44:52]} 14. b4 {[%clk 0:41:12]} b6 {[%clk 0:40:41]} 15. f3
{[%clk 0:29:48]} cxb4 {[%clk 0:27:05]} 16. Qxb4 {[%clk 0:29:01]} d5
{[%clk 0:26:39]} 17. Qb3 {[%clk 0:28:29]} Qd7 {[%clk 0:23:46]} 18. a4
{[%clk 0:25:13]} d4 {[%clk 0:20:27]} 19. Bd2 {[%clk 0:23:01]} Nc6
{[%clk 0:15:33]} 20. Qb5 {[%clk 0:15:49]} Rfd8 {[%clk 0:15:16]} 21. f4
{[%clk 0:13:04]} Ne7 {[%clk 0:14:42]} 22. fxe5 {[%clk 0:12:40]} Rac8
{[%clk 0:12:47]} 23. Qb3 {[%clk 0:12:55]} Qe6 {[%clk 0:12:05]} 24. Bg5
{[%clk 0:12:14]} Qxb3 {[%clk 0:11:31]} 25. cxb3 {[%clk 0:12:40]} Rc2
{[%clk 0:11:35]} 26. Bxe7 {[%clk 0:06:51]} Rxe2+ {[%clk 0:11:30]} 27. Rf2
{[%clk 0:06:54]} Rxf2+ {[%clk 0:11:37]} 28. Kxf2 {[%clk 0:07:21]} Rc8
{[%clk 0:09:18]} 29. a5 {[%clk 0:07:06]} Bxe5 {[%clk 0:08:21]} 30. axb6
{[%clk 0:05:06]} axb6 {[%clk 0:08:49]} 31. Ra6 {[%clk 0:03:18]} Rc2+
{[%clk 0:07:52]} 32. Kf3 {[%clk 0:02:54]} Rd2 {[%clk 0:05:52]} 33. Rxb6
{[%clk 0:03:02]} Rxd3+ {[%clk 0:06:11]} 34. Ke2 {[%clk 0:01:59]} Rc3
{[%clk 0:05:56]} 35. Rb5 {[%clk 0:01:45]} f6 {[%clk 0:05:42]} 36. b4
{[%clk 0:01:34]} Rc2+ {[%clk 0:03:49]} 37. Kd3 {[%clk 0:01:30]} Rc3+
{[%clk 0:02:47]} 38. Kd2 {[%clk 0:01:42]} Rb3 {[%clk 0:02:32]} 39. Rd5
{[%clk 0:01:49]} Kf7 {[%clk 0:02:20]} 40. Bc5 {[%clk 0:31:09]} Ke6
{[%clk 0:31:51]} 41. Rd8 {[%clk 0:20:51]} h5 {[%clk 0:23:06]} 42. Kc2
{[%clk 0:15:14]} Rc3+ {[%clk 0:17:25]} 43. Kd2 {[%clk 0:14:29]} Rb3
{[%clk 0:15:59]} 44. Kc2 {[%clk 0:14:22]} Rc3+ {[%clk 0:16:14]} 45. Kd2
{[%clk 0:11:25]} Rb3 {[%clk 0:15:52]} 46. Rg8 {[%clk 0:10:34]} g5
{[%clk 0:11:41]} 47. Rg7 {[%clk 0:10:18]} Bd6 {[%clk 0:11:23]} 48. Rh7
{[%clk 0:08:34]} Bxc5 {[%clk 0:08:11]} 49. bxc5 {[%clk 0:08:40]} Rc3
{[%clk 0:07:44]} 50. Rxh5 {[%clk 0:08:26]} Rxc5 {[%clk 0:04:26]} 51. Rh8
{[%clk 0:08:04]} Rc3 {[%clk 0:03:47]} 52. Rd8 {[%clk 0:07:37]} Ra3
{[%clk 0:04:07]} 53. Rxd4 {[%clk 0:06:35]} Ra2+ {[%clk 0:04:30]} 54. Ke3
{[%clk 0:06:55]} Rxh2 {[%clk 0:04:53]} 55. Ra4 {[%clk 0:07:14]} Rb2
{[%clk 0:03:24]} 56. Ra6+ {[%clk 0:07:34]} Ke5 {[%clk 0:03:31]} 57. Ra5+
{[%clk 0:07:58]} Ke6 {[%clk 0:03:53]} 58. Ra6+ {[%clk 0:06:50]} Ke5
{[%clk 0:04:21]} 59. Ra5+ {[%clk 0:07:09]} 1/2-1/2

[Event "World Chess Olympiad 2018"]
[Site "Batumi"]
[Date "2018.09.30"]
[Round "6"]
[Board "1"]
[WhiteFideId "15200540"]
[White "Beukes Dante M"]
[BlackFideId "22000100"]
[Black "Salim Al Maashani Amer Said"]
[Result "1-0"]
[LiveChessVersion "1.4.8"]
[BlackElo "2038"]
[WhiteElo "2155"]

1. e4 {[%clk 1:30:55]} c5 {[%clk 1:30:53]} 2. Nf3 {[%clk 1:31:21]} Nc6
{[%clk 1:31:19]} 3. Bb5 {[%clk 1:31:48]} g6 {[%clk 1:31:04]} 4. Bxc6
{[%clk 1:32:12]} dxc6 {[%clk 1:31:24]} 5. d3 {[%clk 1:32:37]} Bg7
{[%clk 1:31:45]} 6. h3 {[%clk 1:33:02]} Nf6 {[%clk 1:32:09]} 7. Nc3
{[%clk 1:33:27]} O-O {[%clk 1:32:25]} 8. O-O {[%clk 1:33:26]} e5 {[%clk 1:30:43]}
9. Nxe5 {[%clk 1:33:28]} Nxe4 {[%clk 1:28:04]} 10. Nxe4 {[%clk 1:33:35]} Bxe5
{[%clk 1:28:27]} 11. Nxc5 {[%clk 1:33:43]} b6 {[%clk 1:18:45]} 12. Ne4
{[%clk 1:33:10]} f5 {[%clk 1:17:10]} 13. Ng5 {[%clk 1:25:09]} f4 {[%clk 1:01:29]}
14. Nf3 {[%clk 1:22:23]} Bg7 {[%clk 1:01:45]} 15. d4 {[%clk 1:18:31]} g5
{[%clk 0:51:56]} 16. Ne5 {[%clk 1:11:48]} c5 {[%clk 0:43:44]} 17. Qf3
{[%clk 1:04:23]} Ba6 {[%clk 0:31:02]} 18. Rd1 {[%clk 0:59:26]} Qc7
{[%clk 0:30:38]} 19. Qc6 {[%clk 0:38:47]} Qe7 {[%clk 0:25:50]} 20. Qd5+
{[%clk 0:34:52]} Kh8 {[%clk 0:25:27]} 21. Nf3 {[%clk 0:32:39]} Be2
{[%clk 0:21:38]} 22. Rd2 {[%clk 0:29:42]} Bxf3 {[%clk 0:18:46]} 23. Qxf3
{[%clk 0:30:00]} Bxd4 {[%clk 0:18:04]} 24. Re2 {[%clk 0:27:23]} Qd7
{[%clk 0:16:58]} 25. c3 {[%clk 0:24:49]} Bg7 {[%clk 0:16:39]} 26. Bd2
{[%clk 0:21:54]} Rad8 {[%clk 0:15:59]} 27. Rae1 {[%clk 0:19:45]} Qd3
{[%clk 0:14:21]} 28. Qh5 {[%clk 0:16:19]} Qf5 {[%clk 0:09:11]} 29. Bc1
{[%clk 0:13:47]} Bf6 {[%clk 0:05:29]} 30. Re4 {[%clk 0:10:55]} Rd5
{[%clk 0:04:01]} 31. Qh6 {[%clk 0:07:13]} Rdd8 {[%clk 0:02:25]} 32. Qh5
{[%clk 0:06:57]} Qg6 {[%clk 0:02:03]} 33. Qxg6 {[%clk 0:05:22]} hxg6
{[%clk 0:02:31]} 34. h4 {[%clk 0:04:25]} Kg7 {[%clk 0:01:46]} 35. hxg5
{[%clk 0:03:04]} Bxg5 {[%clk 0:02:15]} 36. b4 {[%clk 0:02:56]} Rf5
{[%clk 0:01:22]} 37. bxc5 {[%clk 0:02:26]} Rxc5 {[%clk 0:01:50]} 38. Bxf4
{[%clk 0:01:30]} Bxf4 {[%clk 0:01:01]} 39. Rxf4 {[%clk 0:01:53]} Rxc3
{[%clk 0:00:54]} 40. Re7+ {[%clk 0:32:09]} Kh6 {[%clk 0:31:08]} 41. g3
{[%clk 0:27:14]} Rd1+ {[%clk 0:14:20]} 42. Kg2 {[%clk 0:27:28]} Ra3
{[%clk 0:14:22]} 43. Rff7 {[%clk 0:21:25]} Rxa2 {[%clk 0:08:51]} 44. Kh3
{[%clk 0:20:27]} Kh5 {[%clk 0:04:23]} 45. Rh7+ {[%clk 0:20:22]} Kg5
{[%clk 0:04:45]} 46. f4+ 1-0

[Event "World Chess Olympiad 2018"]
[Site "Batumi"]
[Date "2018.09.30"]
[Round "6"]
[Board "2"]
[WhiteFideId "22000089"]
[White "Salim Mohammed Salim Al Amri"]
[BlackFideId "15200019"]
[Black "Mueller Leonhard"]
[Result "0-1"]
[LiveChessVersion "1.4.8"]
[BlackElo "2190"]
[WhiteElo "1940"]

1. e4 {[%clk 1:30:57]} g6 {[%clk 1:30:54]} 2. d4 {[%clk 1:30:48]} Bg7
{[%clk 1:31:19]} 3. Nc3 {[%clk 1:30:47]} d6 {[%clk 1:31:44]} 4. Be3
{[%clk 1:30:39]} a6 {[%clk 1:32:07]} 5. h4 {[%clk 1:30:27]} Nf6 {[%clk 1:30:14]}
6. f3 {[%clk 1:30:20]} h5 {[%clk 1:30:17]} 7. Qd2 {[%clk 1:29:29]} b5
{[%clk 1:30:30]} 8. O-O-O {[%clk 1:29:43]} c6 {[%clk 1:29:34]} 9. Bd3
{[%clk 1:29:58]} Qc7 {[%clk 1:28:49]} 10. Nh3 {[%clk 1:24:50]} Bxh3
{[%clk 1:29:00]} 11. Rxh3 {[%clk 1:25:13]} Nbd7 {[%clk 1:29:08]} 12. Kb1
{[%clk 1:17:22]} c5 {[%clk 1:23:05]} 13. Bf1 {[%clk 1:03:21]} Nb6
{[%clk 1:07:08]} 14. e5 {[%clk 0:59:50]} dxe5 {[%clk 0:59:12]} 15. dxc5
{[%clk 0:55:38]} Nbd7 {[%clk 0:54:51]} 16. Nd5 {[%clk 0:52:44]} Nxd5
{[%clk 0:42:30]} 17. Qxd5 {[%clk 0:53:06]} Rd8 {[%clk 0:42:52]} 18. c6
{[%clk 0:42:41]} Nf6 {[%clk 0:37:21]} 19. Qxd8+ {[%clk 0:43:02]} Qxd8
{[%clk 0:37:47]} 20. Rxd8+ {[%clk 0:43:24]} Kxd8 {[%clk 0:38:14]} 21. Bb6+
{[%clk 0:43:38]} Kc8 {[%clk 0:37:54]} 22. c4 {[%clk 0:43:25]} Ne8
{[%clk 0:23:51]} 23. cxb5 {[%clk 0:42:56]} axb5 {[%clk 0:24:10]} 24. Bxb5
{[%clk 0:42:59]} Nc7 {[%clk 0:24:33]} 25. Bc4 {[%clk 0:42:54]} e6
{[%clk 0:22:46]} 26. b4 {[%clk 0:39:07]} Rd8 {[%clk 0:20:08]} 27. a4
{[%clk 0:36:10]} Rd2 {[%clk 0:18:42]} 28. Be3 {[%clk 0:35:11]} Rd1+
{[%clk 0:17:43]} 29. Ka2 {[%clk 0:34:08]} Nd5 {[%clk 0:10:54]} 30. Bxd5
{[%clk 0:34:30]} exd5 {[%clk 0:11:20]} 31. Bc5 {[%clk 0:31:24]} d4
{[%clk 0:09:00]} 32. b5 {[%clk 0:31:47]} Kc7 {[%clk 0:08:38]} 33. Bb4
{[%clk 0:30:28]} d3 {[%clk 0:08:00]} 34. g3 {[%clk 0:29:27]} d2 {[%clk 0:07:31]}
35. Ba5+ {[%clk 0:28:42]} Kb8 {[%clk 0:07:19]} 36. Bxd2 {[%clk 0:28:45]} Rxd2+
{[%clk 0:07:43]} 37. Kb3 {[%clk 0:29:10]} Bf8 {[%clk 0:06:02]} 38. Rh1
{[%clk 0:21:54]} Rd4 {[%clk 0:05:13]} 39. Ra1 {[%clk 0:21:46]} Kc7
{[%clk 0:05:07]} 40. Kc3 {[%clk 0:51:49]} Bb4+ {[%clk 0:34:20]} 41. Kb3
{[%clk 0:51:56]} Ba5 {[%clk 0:33:42]} 42. Rc1 {[%clk 0:51:31]} Rd3+
{[%clk 0:31:21]} 43. Kb2 {[%clk 0:51:45]} f5 {[%clk 0:29:54]} 44. Rc5
{[%clk 0:47:04]} Bb6 {[%clk 0:28:15]} 45. Rc2 {[%clk 0:46:13]} Rxf3
{[%clk 0:27:11]} 46. Rd2 {[%clk 0:46:19]} Rf2 {[%clk 0:25:36]} 47. Kc2
{[%clk 0:44:18]} Rxd2+ {[%clk 0:25:45]} 48. Kxd2 {[%clk 0:44:47]} Kd6
{[%clk 0:25:27]} 49. Kd3 {[%clk 0:45:05]} Kc5 {[%clk 0:25:37]} 50. Kc3
{[%clk 0:45:28]} Ba5+ {[%clk 0:23:32]} 51. Kd3 {[%clk 0:45:34]} e4+
{[%clk 0:23:04]} 52. Ke3 {[%clk 0:45:37]} Bc7 {[%clk 0:23:01]} 53. Kf2
{[%clk 0:45:40]} Kb4 0-1

[Event "World Chess Olympiad 2018"]
[Site "Batumi"]
[Date "2018.09.30"]
[Round "6"]
[Board "3"]
[WhiteFideId "15200051"]
[White "Eichab Charles"]
[BlackFideId "22000062"]
[Black "Salim Issa Ali Shamas"]
[Result "1-0"]
[LiveChessVersion "1.4.8"]
[BlackElo "1885"]
[WhiteElo "2016"]

1. b3 {[%clk 1:30:54]} e5 {[%clk 1:30:38]} 2. Bb2 {[%clk 1:31:17]} d6
{[%clk 1:30:53]} 3. e3 {[%clk 1:31:10]} Nf6 {[%clk 1:31:10]} 4. Nf3
{[%clk 1:30:34]} Be7 {[%clk 1:31:23]} 5. c4 {[%clk 1:28:54]} Nbd7
{[%clk 1:31:21]} 6. Be2 {[%clk 1:27:08]} c6 {[%clk 1:31:38]} 7. O-O
{[%clk 1:26:59]} O-O {[%clk 1:32:03]} 8. Nc3 {[%clk 1:26:41]} a6 {[%clk 1:32:21]}
9. d3 {[%clk 1:24:10]} b5 {[%clk 1:32:40]} 10. Qc2 {[%clk 1:20:43]} Bb7
{[%clk 1:32:58]} 11. Ne4 {[%clk 1:19:12]} Nxe4 {[%clk 1:32:36]} 12. dxe4
{[%clk 1:15:53]} Qb6 {[%clk 1:33:03]} 13. Rac1 {[%clk 0:59:39]} Rac8
{[%clk 1:33:23]} 14. h3 {[%clk 0:57:02]} Rfd8 {[%clk 1:33:29]} 15. Rfd1
{[%clk 0:56:00]} Nf6 {[%clk 1:32:49]} 16. Nd2 {[%clk 0:54:33]} c5
{[%clk 1:32:07]} 17. Bd3 {[%clk 0:51:34]} Bc6 {[%clk 1:31:58]} 18. Kh2
{[%clk 0:49:34]} Qb7 {[%clk 1:31:10]} 19. f3 {[%clk 0:45:51]} Re8
{[%clk 1:31:09]} 20. Nf1 {[%clk 0:44:56]} g6 {[%clk 1:31:16]} 21. Ng3
{[%clk 0:42:30]} h5 {[%clk 1:16:31]} 22. Rf1 {[%clk 0:39:02]} h4 {[%clk 1:15:35]}
23. Ne2 {[%clk 0:37:36]} Rb8 {[%clk 1:15:51]} 24. Nc3 {[%clk 0:27:26]} bxc4
{[%clk 1:10:47]} 25. Bxc4 {[%clk 0:27:54]} Kg7 {[%clk 1:10:37]} 26. f4
{[%clk 0:24:21]} Nd7 {[%clk 1:10:35]} 27. Nd5 {[%clk 0:20:28]} f6
{[%clk 1:10:25]} 28. Qf2 {[%clk 0:20:01]} Bd8 {[%clk 1:09:44]} 29. Qxh4
{[%clk 0:16:26]} Bb5 {[%clk 1:09:40]} 30. Qg4 {[%clk 0:11:08]} Bxc4
{[%clk 1:09:58]} 31. Rxc4 {[%clk 0:10:28]} Rh8 {[%clk 1:09:13]} 32. Qe6
{[%clk 0:08:26]} Nb6 {[%clk 1:09:38]} 33. Rc2 {[%clk 0:07:21]} Nxd5
{[%clk 1:09:55]} 34. exd5 {[%clk 0:07:12]} Qe7 {[%clk 1:09:45]} 35. fxe5
{[%clk 0:04:59]} fxe5 {[%clk 1:07:53]} 36. Rcf2 {[%clk 0:04:03]} Qxe6
{[%clk 1:07:09]} 37. dxe6 {[%clk 0:04:19]} Re8 {[%clk 1:06:39]} 38. Rf7+
{[%clk 0:04:02]} Kh6 {[%clk 1:06:31]} 39. Rd7 {[%clk 0:02:17]} Rxe6
{[%clk 1:06:01]} 40. Rff7 {[%clk 0:32:27]} Kg5 {[%clk 1:35:42]} 41. e4
{[%clk 0:32:07]} Re7 {[%clk 1:32:33]} 42. Bc1+ {[%clk 0:32:17]} Kh5
{[%clk 1:32:45]} 43. Rh7+ 1-0

[Event "World Chess Olympiad 2018"]
[Site "Batumi"]
[Date "2018.09.30"]
[Round "6"]
[Board "4"]
[WhiteFideId "22000526"]
[White "Al Kathiri Salim Said"]
[BlackFideId "15200523"]
[Black "Gariseb Immanuel"]
[Result "1/2-1/2"]
[LiveChessVersion "1.4.8"]
[BlackElo "1820"]
[WhiteElo "1773"]

1. e4 {[%clk 1:30:59]} c5 {[%clk 1:30:34]} 2. Nf3 {[%clk 1:30:58]} e6
{[%clk 1:30:57]} 3. d4 {[%clk 1:29:06]} cxd4 {[%clk 1:31:20]} 4. Nxd4
{[%clk 1:29:17]} a6 {[%clk 1:31:43]} 5. Bc4 {[%clk 1:28:27]} Nf6 {[%clk 1:31:38]}
6. Nd2 {[%clk 1:25:41]} Qc7 {[%clk 1:31:07]} 7. Bb3 {[%clk 1:24:29]} b5
{[%clk 1:30:28]} 8. O-O {[%clk 1:24:08]} Bc5 {[%clk 1:30:28]} 9. c3
{[%clk 1:23:42]} Bb7 {[%clk 1:30:12]} 10. Qe2 {[%clk 1:21:43]} d6
{[%clk 1:28:52]} 11. Kh1 {[%clk 1:21:54]} Nc6 {[%clk 1:25:47]} 12. Nxc6
{[%clk 1:17:16]} Qxc6 {[%clk 1:24:16]} 13. Bd5 {[%clk 1:15:16]} Nxd5
{[%clk 1:23:48]} 14. exd5 {[%clk 1:14:51]} Qxd5 15. f3 {[%clk 1:13:10]} Qf5
{[%clk 1:22:50]} 16. Ne4 {[%clk 1:10:17]} O-O {[%clk 1:20:58]} 17. b4
{[%clk 1:09:40]} Ba7 {[%clk 1:19:10]} 18. Nxd6 {[%clk 1:09:11]} Qd5
{[%clk 1:19:22]} 19. Rd1 {[%clk 1:04:48]} Qc6 {[%clk 1:19:05]} 20. Nxb7
{[%clk 1:01:28]} Qxb7 {[%clk 1:16:54]} 21. a4 {[%clk 1:01:22]} Qc7
{[%clk 1:01:19]} 22. axb5 {[%clk 0:55:54]} axb5 {[%clk 1:01:43]} 23. g3
{[%clk 0:55:22]} Qxc3 {[%clk 0:56:36]} 24. Bd2 {[%clk 0:51:17]} Qc4
{[%clk 0:49:51]} 25. Qxc4 {[%clk 0:47:56]} bxc4 {[%clk 0:50:15]} 26. Rdc1
{[%clk 0:47:54]} Rfd8 {[%clk 0:30:26]} 27. Rxc4 {[%clk 0:37:48]} Rxd2
{[%clk 0:26:14]} 28. Rxa7 {[%clk 0:37:50]} Rad8 {[%clk 0:26:34]} 29. Rac7
{[%clk 0:27:08]} Rd1+ {[%clk 0:23:56]} 30. Kg2 {[%clk 0:27:12]} R8d2+
{[%clk 0:24:16]} 31. Kh3 {[%clk 0:26:52]} h5 {[%clk 0:24:24]} 32. Rc2
{[%clk 0:25:39]} Rxc2 {[%clk 0:22:29]} 33. Rxc2 {[%clk 0:26:03]} Rb1
{[%clk 0:22:54]} 34. Rc8+ {[%clk 0:26:13]} Kh7 {[%clk 0:23:12]} 35. Rb8
{[%clk 0:26:34]} Rb2 {[%clk 0:21:14]} 36. f4 {[%clk 0:26:22]} f6 {[%clk 0:20:29]}
37. b5 {[%clk 0:25:54]} e5 {[%clk 0:19:37]} 38. fxe5 {[%clk 0:25:21]} fxe5
{[%clk 0:20:01]} 39. b6 {[%clk 0:18:32]} e4 {[%clk 0:20:15]} 40. g4
{[%clk 0:47:14]} e3 {[%clk 0:45:33]} 41. Kg3 {[%clk 0:37:11]} hxg4
{[%clk 0:42:47]} 42. b7 {[%clk 0:37:04]} Rb1 {[%clk 0:42:54]} 43. Kxg4
{[%clk 0:36:06]} e2 {[%clk 0:41:50]} 44. Re8 {[%clk 0:36:09]} e1=Q
{[%clk 0:41:37]} 45. Rxe1 {[%clk 0:36:12]} Rxb7 {[%clk 0:42:01]} 46. Re5
{[%clk 0:36:19]} Rb4+ {[%clk 0:42:21]} 47. Kg5 {[%clk 0:36:39]} Rb2
{[%clk 0:42:24]} 48. h4 {[%clk 0:36:58]} Rg2+ {[%clk 0:42:46]} 49. Kf4
{[%clk 0:37:00]} Rf2+ {[%clk 0:42:36]} 50. Kg3 {[%clk 0:37:19]} Ra2
{[%clk 0:42:40]} 51. Re6 {[%clk 0:37:26]} Ra4 {[%clk 0:43:00]} 52. h5
{[%clk 0:37:24]} Ra3+ {[%clk 0:42:53]} 53. Kg4 {[%clk 0:37:42]} 1/2-1/2

[Event "World Chess Olympiad 2018"]
[Site "Batumi"]
[Date "2018.09.30"]
[Round "6"]
[Board "1"]
[WhiteFideId "20500254"]
[White "Mwale George"]
[BlackFideId "16301188"]
[Black "Bai Adelard"]
[Result "0-1"]
[LiveChessVersion "1.4.8"]
[BlackElo "2111"]
[WhiteElo "2000"]

1. e4 {[%clk 1:30:54]} e5 {[%clk 1:30:46]} 2. Nf3 {[%clk 1:31:14]} Nc6
{[%clk 1:31:08]} 3. Bc4 {[%clk 1:31:38]} Nf6 {[%clk 1:31:31]} 4. Nc3
{[%clk 1:32:00]} Nxe4 {[%clk 1:31:17]} 5. Nxe4 {[%clk 1:29:12]} d5
{[%clk 1:31:36]} 6. Bxd5 {[%clk 1:29:26]} Qxd5 {[%clk 1:31:55]} 7. Nc3
{[%clk 1:29:42]} Qd8 {[%clk 1:28:39]} 8. d3 {[%clk 1:29:37]} Be7 {[%clk 1:22:45]}
9. Be3 {[%clk 1:29:39]} O-O {[%clk 1:22:22]} 10. Qd2 {[%clk 1:29:31]} a5
{[%clk 1:20:09]} 11. h3 {[%clk 1:29:20]} a4 {[%clk 1:20:16]} 12. a3
{[%clk 1:29:30]} f5 {[%clk 1:19:50]} 13. Bg5 {[%clk 1:28:22]} Bxg5
{[%clk 1:15:21]} 14. Qxg5 {[%clk 1:27:38]} Nd4 {[%clk 1:15:16]} 15. Qxd8
{[%clk 1:22:40]} Nxf3+ {[%clk 1:14:31]} 16. gxf3 {[%clk 1:23:09]} Rxd8
{[%clk 1:14:45]} 17. O-O-O {[%clk 1:23:26]} Ra5 {[%clk 1:10:56]} 18. Rde1
{[%clk 1:20:58]} Kf7 {[%clk 1:10:08]} 19. Re2 {[%clk 1:18:09]} Kf6
{[%clk 1:10:10]} 20. Rhe1 {[%clk 1:17:27]} Rd4 {[%clk 1:10:19]} 21. Rh1
{[%clk 1:12:23]} g5 {[%clk 1:09:37]} 22. Ree1 {[%clk 1:08:50]} Rf4
{[%clk 1:09:26]} 23. h4 {[%clk 0:54:31]} Rxh4 {[%clk 1:08:17]} 24. Rxh4
{[%clk 0:54:09]} gxh4 {[%clk 1:08:41]} 25. Rh1 {[%clk 0:51:44]} Kg5
{[%clk 1:08:49]} 26. Ne2 {[%clk 0:51:49]} Ra6 {[%clk 1:04:10]} 27. Kd2
{[%clk 0:36:26]} Rg6 {[%clk 1:03:58]} 28. b4 {[%clk 0:12:30]} Bd7
{[%clk 1:03:44]} 29. c4 {[%clk 0:12:06]} Bc6 {[%clk 1:02:06]} 30. Rh3
{[%clk 0:11:52]} f4 {[%clk 1:01:54]} 31. Nc3 {[%clk 0:11:22]} Bxf3
{[%clk 1:00:42]} 32. Nxa4 {[%clk 0:07:49]} Ra6 {[%clk 1:00:47]} 33. Nc3
{[%clk 0:06:38]} Rxa3 {[%clk 1:01:08]} 34. Kc2 {[%clk 0:06:35]} Bg2
{[%clk 0:59:38]} 35. Rh2 {[%clk 0:06:53]} h3 {[%clk 0:59:30]} 36. Kb2
{[%clk 0:07:17]} Ra6 {[%clk 0:59:43]} 37. Ne4+ {[%clk 0:07:01]} Bxe4
{[%clk 0:59:58]} 38. dxe4 {[%clk 0:07:25]} Rh6 {[%clk 1:00:17]} 39. Kc3
{[%clk 0:37:32]} Kh4 {[%clk 1:30:17]} 40. Kd3 {[%clk 0:37:46]} Rg6
{[%clk 1:30:25]} 41. Ke2 {[%clk 0:38:05]} Rg2 {[%clk 1:30:47]} 42. Rh1
{[%clk 0:38:33]} h2 {[%clk 1:31:08]} 43. Kf3 {[%clk 0:37:47]} Kh3
{[%clk 1:31:29]} 44. c5 {[%clk 0:38:04]} Rg1 {[%clk 1:31:00]} 0-1

[Event "World Chess Olympiad 2018"]
[Site "Batumi"]
[Date "2018.09.30"]
[Round "6"]
[Board "2"]
[WhiteFideId "3203824"]
[White "Song Raymond"]
[BlackFideId "16400119"]
[Black "Chipanga Chiletso"]
[Result "1-0"]
[LiveChessVersion "1.4.8"]
[BlackElo "2153"]
[WhiteElo "2305"]

1. e4 {[%clk 1:30:57]} c5 {[%clk 1:30:56]} 2. Nf3 {[%clk 1:31:22]} Nc6
{[%clk 1:31:20]} 3. Bb5 {[%clk 1:31:48]} Qc7 {[%clk 1:30:08]} 4. O-O
{[%clk 1:32:13]} e6 {[%clk 1:29:14]} 5. Re1 {[%clk 1:32:37]} Nge7
{[%clk 1:29:07]} 6. c3 {[%clk 1:32:52]} d5 {[%clk 1:28:49]} 7. exd5
{[%clk 1:31:47]} Nxd5 {[%clk 1:26:10]} 8. d4 {[%clk 1:32:09]} cxd4
{[%clk 1:25:31]} 9. Nxd4 {[%clk 1:32:17]} Be7 {[%clk 1:23:47]} 10. Nxc6
{[%clk 1:17:25]} bxc6 {[%clk 1:23:57]} 11. Bd3 {[%clk 1:17:50]} O-O
{[%clk 1:23:47]} 12. Qh5 {[%clk 1:18:15]} f5 {[%clk 1:22:30]} 13. Bc4
{[%clk 1:12:26]} e5 {[%clk 1:21:03]} 14. Nd2 {[%clk 1:10:01]} g6 {[%clk 1:13:20]}
15. Qh6 {[%clk 1:09:29]} e4 {[%clk 1:09:11]} 16. f3 {[%clk 1:06:11]} Qe5
{[%clk 1:05:24]} 17. fxe4 {[%clk 1:01:08]} Bc5+ {[%clk 1:04:16]} 18. Kh1
{[%clk 1:01:24]} fxe4 {[%clk 1:04:37]} 19. Rxe4 {[%clk 1:01:31]} Qc7
{[%clk 0:59:39]} 20. Nf3 {[%clk 0:59:31]} Bf5 {[%clk 0:58:50]} 21. Rh4
{[%clk 0:59:23]} Rae8 {[%clk 0:54:26]} 22. Bf4 {[%clk 0:58:22]} Qb7
{[%clk 0:51:29]} 23. Nd4 {[%clk 0:58:51]} Rf7 {[%clk 0:49:48]} 24. Bb3
{[%clk 0:51:59]} Bf8 {[%clk 0:49:00]} 25. Qg5 {[%clk 0:52:24]} Be7
{[%clk 0:48:22]} 26. Qg3 {[%clk 0:52:49]} Bxh4 {[%clk 0:48:10]} 27. Qxh4
{[%clk 0:53:14]} Re4 {[%clk 0:47:04]} 28. Qd8+ {[%clk 0:51:07]} Rf8
{[%clk 0:45:36]} 29. Qd6 {[%clk 0:51:14]} Kg7 {[%clk 0:42:40]} 30. Bh6+
{[%clk 0:51:39]} Kxh6 {[%clk 0:42:28]} 31. Qxf8+ {[%clk 0:51:42]} Kg5
{[%clk 0:40:41]} 32. Nxf5 {[%clk 0:46:40]} gxf5 {[%clk 0:41:00]} 33. Rf1
{[%clk 0:46:16]} Qd7 {[%clk 0:39:46]} 34. h3 {[%clk 0:40:54]} Ne3
{[%clk 0:31:57]} 35. Rf3 {[%clk 0:41:22]} f4 {[%clk 0:31:01]} 36. h4+
{[%clk 0:39:57]} Kg4 {[%clk 0:30:28]} 37. Qg8+ {[%clk 0:40:04]} 1-0